Missing Word: Song Titles - Any Way the Wind Blows Quiz Stats

Quiz Updated Mar 16, 2016

Challenge
Share
Tweet
Embed
Score 0/22 Timer 03:00
3 Plays Today
Hint Word % Correct
Every Breath ___ TakeYou
98.5%
...Baby One More ____Time
98.1%
The Way You ____ Me FeelMake
97.9%
__ I Could Turn Back TimeIf
97.3%
__ You Can't Beat ThemIf
97.2%
Livin' __ a PrayerOn
97%
I Fall __ PiecesTo
95.3%
Walk ____ WayThis
95.1%
Won't Get Fooled ____Again
93.9%
Do You ______ Want to Hurt Me?Really
92.4%
Nothing Else _______Matters
92%
Hint Word % Correct
Cold __ IceAs
91.9%
____ in BlackBack
89.3%
When Doves ___Cry
88.7%
(I'm ___ Your) Steppin' StoneNot
87.8%
_____ On, Wayward SonCarry
84.9%
Money For _______Nothing
82.9%
Friday __ in LoveI'm
76.2%
_____ We Almost Have It AllDidn't
68.3%
____ Said Knock You OutMama
65.9%
____ Mister MustardMean
59%
________ Never KnowsTomorrow
52.5%

Today's Daily Dose

You're not logged in!

Compare scores with friends on all Sporcle quizzes.
Join for Free
OR
Log In

You Might Also Like...

Show Comments

Extras

Top Quizzes Today


Score Distribution

Your Account Isn't Verified!

In order to create a playlist on Sporcle, you need to verify the email address you used during registration. Go to your Sporcle Settings to finish the process.

Report this User

Report this user for behavior that violates our Community Guidelines.

Details: